01861cam a22002178i 4500999001700000020001800017041000800035082001800043100003600061245008900097250001900186260002600205300001100231504005100242520111800293546001301411650002701424700002801451942001201479952015201491 c38198d38198 a9781032233406 aeng00a001.42bDUB-R1 aDubey, Umesh Kumar B.,eauthor.10aResearch methodology :btechniques and trends /cUmesh Kumar B. Dubey, D.P. Kothari. aFirst edition. aForida :bCRC,c2022. a307p.  aIncludes bibliographical references and index. a"The book Research Methodology: Techniques and Trends focuses on both undergraduate and post graduate courses; and it helps to understand the basic concepts and application of results directly to real life business, industry and research organization. Features: At the end of each chapter, to test conceptual understanding of the subject and put theory into practice, review questions are included, which would help in understanding of key concepts and ideas. The book contains in-depth coverage of concepts and techniques. Throughout the text, tables and figures are presented to illustrate the concepts and techniques. This book gives students essential guidance on how to carry out their own research projects. The book covers a wide range of research methods, approaches to research, and ways of carrying out analysis of data. It is a textbook on research methodology for the doctoral and post-doctoral programs, post graduate courses such as MSc, MBA, MCA, MS, etc., to name a few. Though the book is primarily addressed to students, it will be equally useful to researchers and entrepreneurs as well"-- aEnglish. 0aResearchxMethodology.1 aKothari, D. P.eauthor. 2ddccBK 00104070aNASSDOCbNASSDOCd2023-03-16eOVERSEASg0.00l3o001.42 DUB-Rp52804q2026-05-21r2026-05-06 17:42:28s2026-05-06v0.00w2023-06-28yBK